Vulnerabilidad física de la infraestructura vial en las rutas 130, 712, 146, 120 y 126 tramo Alajuela - Fraijanes - Vara Blanca - San Miguel de Sarapiquí

Guardado en:
Bibliografiske detaljer
Hovedforfatter: Castro Hernández, Kattia
Format: Bog
Udgivet: [San José, Costa Rica] 2005
Fag:
Tags: Tilføj Tag
Ingen Tags, Vær først til at tagge denne postø!

MARC

LEADER 00000nam a2200000Ia 4500
003 009478
005 20221231144132.0
008 140114s2005 cr a m 000 ||s d
040 |c cru CEDI  
090 |a TFG 5018 
100 |a Castro Hernández, Kattia  |9 6118 
245 |a Vulnerabilidad física de la infraestructura vial en las rutas 130, 712, 146, 120 y 126 tramo Alajuela - Fraijanes - Vara Blanca - San Miguel de Sarapiquí 
260 |c 2005  |a  [San José, Costa Rica] 
300 |a viii, 173 hojas : ilustraciones a color, mapas color  
500 |a  Tesis (licenciatura en ingeniería civil)--Universidad de Costa Rica, Facultad de Ingeniería, Escuela de Ingeniería Civil 
650 |x INGENIERÍA DE CARRETERAS   |x CONSTRUCCION DE CARRETERAS   |x PERCEPCION DE RIESGOS   |x CARRETERAS   |x RUTAS COMERCIALES  |9 6119 
942 |c TFG 
999 |c 17405  |d 17405